Normal view
MARC view
Entry Corporate Name
001 - CONTROL NUMBER
- control field: 29109
003 - CONTROL NUMBER IDENTIFIER
- control field: ARRUPE
005 - DATE AND TIME OF LATEST TRANSACTION
- control field: 20170228092230.0
008 - FIXED-LENGTH DATA ELEMENTS
- fixed length control field: 170228|| aca||aabn | a|a d
040 ## - CATALOGING SOURCE
- Original cataloging agency: ARRUPE
- Transcribing agency: ARRUPE
110 ## - HEADING--CORPORATE NAME
- Corporate name or jurisdiction name as entry element: Catholic Church.
- Subordinate unit: Synodus Episcoporum
- Date of meeting or treaty signing: (1971).
- Title of a work: De iustitia in mundo.
670 ## - SOURCE DATA FOUND
- Source citation: Work cat.: (ARRUPE)0: Arrupe, Pedro, 1907-1991. 2376, Witnessing to justice /, c1972.